[Event "14th Corsica Masters"]
[Site "Bastia FRA"]
[Date "2010.10.24"]
[Round "1"]
[White "Ljubisavljevic, Zivojin Z"]
[Black "Balogh, Csaba"]
[Result "0-1"]
[WhiteTitle "IM"]
[BlackTitle "GM"]
[WhiteElo "2249"]
[BlackElo "2608"]
[WhiteFideId "902896"]
[BlackFideId "718939"]
[EventDate "2010.10.24"]

1. e4 c5 2. f4 Nc6 3. Nf3 g6 4. Bb5 Bg7 5. O-O Nf6 6. d3 O-O 7. Bxc6 bxc6 8. Qe1
d6 9. Nc3 Ne8 10. Bd2 c4 11. dxc4 Qb6+ 12. Qf2 Qxb2 13. Rab1 Qa3 14. Rb3 Qa6 15.
c5 Be6 16. Rb4 Qa3 17. Nb1 Qxa2 18. Bc3 Bxc3 19. Nxc3 Qa5 20. f5 Qxb4 21. fxe6
Qxc3 22. cxd6 Nxd6 23. Qh4 fxe6 24. Qxe7 Qc5+ 25. Kh1 Rae8 26. Ng1 0-1

[Event "14th Corsica Masters"]
[Site "Bastia FRA"]
[Date "2010.10.24"]
[Round "1"]
[White "Kozlov, Oleg"]
[Black "Fedorchuk, Sergey A."]
[Result "0-1"]
[WhiteTitle "IM"]
[BlackTitle "GM"]
[WhiteElo "2296"]
[BlackElo "2671"]
[WhiteFideId "4104544"]
[BlackFideId "14102536"]
[EventDate "2010.10.24"]

1. Nf3 Nf6 2. g3 b5 3. a4 b4 4. c4 c5 5. d4 cxd4 6. Bg2 Bb7 7. O-O g6 8. Nbd2
Bg7 9. Nb3 O-O 10. Nfxd4 Bxg2 11. Kxg2 Qc7 12. c5 Na6 13. f3 Nxc5 14. Bf4 d6 15.
Nxc5 Qxc5 16. Rc1 Qb6 17. Nc6 Qb7 18. Qb3 a5 19. Rc2 Rfe8 20. Bg5 h6 21. Bxf6
Bxf6 22. h4 Ra6 23. Rfc1 h5 24. Qd5 b3 25. Rd2 Qa8 26. Rc4 Kg7 27. Qb5 Rc8 28.
Nd4 Rb8 29. Qd7 Ra7 30. Qc6 Qxc6 31. Rxc6 Rb4 32. Nb5 Rb7 33. Nc3 Bxc3 34. Rxc3
Rxa4 35. Rdd3 Rab4 36. Rd1 a4 37. Kf2 R7b5 38. Rc7 Kf6 39. Ra7 Rc5 40. Ra1 Rc2
41. R7xa4 Rxa4 42. Rxa4 Rxb2 43. Rb4 Rb1 44. Rb5 Ke6 45. g4 d5 46. gxh5 gxh5 47.
e4 dxe4 48. fxe4 b2 49. Kg2 Kd6 50. e5+ Kc6 51. Rb8 Kd5 52. Rb5+ Kd4 53. Rb7 e6
54. Rb5 Kc3 0-1

[Event "14th Corsica Masters"]
[Site "Bastia FRA"]
[Date "2010.10.24"]
[Round "1"]
[White "Humeau, Cyril"]
[Black "Bluvshtein, Mark"]
[Result "0-1"]
[BlackTitle "GM"]
[WhiteElo "2237"]
[BlackElo "2583"]
[WhiteFideId "624748"]
[BlackFideId "2603608"]
[EventDate "2010.10.24"]

1. e4 d6 2. d4 Nf6 3. Nc3 g6 4. Nf3 Bg7 5. h3 O-O 6. Be3 a6 7. Bd3 b5 8. O-O Bb7
9. e5 Nd5 10. Nxd5 Bxd5 11. a4 b4 12. c4 bxc3 13. bxc3 Nd7 14. exd6 cxd6 15. c4
Bxf3 16. Qxf3 e5 17. Qc6 exd4 18. Bf4 Be5 19. Bh6 Re8 20. f4 Rc8 21. Qf3 Bg7 22.
Bxg7 Kxg7 23. Qd5 Qf6 24. f5 g5 25. Rad1 Nc5 26. Bb1 d3 27. Bxd3 Nxa4 28. Rd2
Nc5 29. Bc2 Rcd8 30. Rfd1 Re3 31. Qc6 Qe5 32. f6+ Qxf6 33. Rxd6 Rxd6 34. Qxd6
Re1+ 35. Kh2 Rxd1 36. Qxd1 Qf4+ 37. Kh1 Qxc4 38. Qd8 h6 39. Qd1 Qc3 40. Kh2 a5
41. Kh1 Ne6 42. Bb3 Nd4 43. Bd5 Nc2 44. Bxf7 Kxf7 45. Qd7+ Kf6 46. Qd6+ Kf5 47.
Qxh6 Nd4 48. Qh7+ Kf4 49. Qd7 Ke3 50. Qe7+ Kd3 51. Qxg5 Qe1+ 52. Kh2 Nf3+ 53.
gxf3 Qf2+ 0-1

[Event "14th Corsica Masters"]
[Site "Bastia FRA"]
[Date "2010.10.24"]
[Round "1"]
[White "Fressinet, Laurent"]
[Black "Luce, Sebastien"]
[Result "1-0"]
[WhiteTitle "GM"]
[BlackTitle "IM"]
[WhiteElo "2718"]
[BlackElo "2321"]
[WhiteFideId "608742"]
[BlackFideId "600156"]
[EventDate "2010.10.24"]

1. d4 Nf6 2. Nf3 e6 3. c4 Bb4+ 4. Nbd2 b6 5. a3 Bxd2+ 6. Qxd2 Bb7 7. e3 d6 8.
Be2 Nbd7 9. O-O a5 10. b3 O-O 11. Bb2 Qe7 12. Rfd1 Rfd8 13. Qc2 Nf8 14. Nd2 Ng6
15. Bf1 c5 16. e4 e5 17. d5 Ra7 18. b4 axb4 19. axb4 Rda8 20. Qb3 Qc7 21. bxc5
bxc5 22. Rxa7 Rxa7 23. Ra1 Bc8 24. Ra3 Rxa3 25. Qxa3 Qb8 26. g3 Ne8 27. Bc3 Nf8
28. Bd3 Nd7 29. Qa4 Kf8 30. Nb3 Nb6 31. Qa3 Qa8 32. Na5 Nd7 33. Bc2 f6 34. Ba4
Nc7 35. f4 Qb8 36. Bc2 Qa7 37. Qc1 Qb6 38. Nc6 Ke8 39. Ba5 Qb7 40. Ba4 Kf8 41.
Nd8 Qa7 42. Bxc7 Qxa4 43. Bxd6+ Kg8 44. Nc6 Ba6 45. fxe5 fxe5 46. Bxe5 Qxc4 47.
Qxc4 Bxc4 48. Kf2 Bb5 49. Bc3 1-0

[Event "14th Corsica Masters"]
[Site "Bastia FRA"]
[Date "2010.10.24"]
[Round "1"]
[White "David, Alberto"]
[Black "Frick, Christoph"]
[Result "1-0"]
[WhiteTitle "GM"]
[WhiteElo "2589"]
[BlackElo "2237"]
[WhiteFideId "4000013"]
[BlackFideId "4607090"]
[EventDate "2010.10.24"]

1. e4 g6 2. d4 Bg7 3. Bc4 d6 4. Nf3 e6 5. O-O Ne7 6. Re1 Nd7 7. Nbd2 O-O 8. Bb3
b6 9. Nf1 Bb7 10. Ng3 Nf6 11. c3 Qd7 12. Bf4 Rad8 13. Qc1 c5 14. Bh6 cxd4 15.
cxd4 Nc6 16. Ba4 Qc8 17. Qg5 Ne7 18. Rac1 Qb8 19. Qh4 Rc8 20. Bg5 Rxc1 21. Rxc1
Rc8 22. Rxc8+ Qxc8 23. Bxf6 Qc1+ 24. Nf1 Ba6 25. Nd2 Bxf6 26. Qxf6 Nc6 1-0

[Event "14th Corsica Masters"]
[Site "Bastia FRA"]
[Date "2010.10.24"]
[Round "1"]
[White "Kurnosov, Igor"]
[Black "Leconte, Jean-Olivier"]
[Result "1-0"]
[WhiteTitle "GM"]
[BlackTitle "FM"]
[WhiteElo "2659"]
[BlackElo "2294"]
[WhiteFideId "4142527"]
[BlackFideId "606219"]
[EventDate "2010.10.24"]

1. e4 e6 2. d4 d5 3. Nc3 Bb4 4. e5 c5 5. a3 Bxc3+ 6. bxc3 Qc7 7. h4 Bd7 8. h5
Nc6 9. h6 gxh6 10. Nf3 Nge7 11. Bxh6 O-O-O 12. Qd2 Rdg8 13. Bg5 Rf8 14. Bf6 Rhg8
15. Rxh7 Rg4 16. Ng5 cxd4 17. f3 dxc3 18. Qxc3 Rxg5 19. Bxg5 d4 20. Qc5 Ng6 21.
f4 Rh8 22. Rh1 1-0

[Event "14th Corsica Masters"]
[Site "Bastia FRA"]
[Date "2010.10.25"]
[Round "2"]
[White "Meszaros, Tamas"]
[Black "Kurnosov, Igor"]
[Result "1/2-1/2"]
[WhiteTitle "IM"]
[BlackTitle "GM"]
[WhiteElo "2448"]
[BlackElo "2659"]
[WhiteFideId "717410"]
[BlackFideId "4142527"]
[EventDate "2010.10.24"]

1. e4 c5 2. Nf3 e6 3. d4 cxd4 4. Nxd4 Nf6 5. Nc3 d6 6. Be2 Be7 7. O-O O-O 8. f4
Nc6 9. Be3 a6 10. a4 Qc7 11. Kh1 Bd7 12. Nb3 b6 13. Bf3 Nb4 14. e5 Nfd5 15. Bxd5
exd5 16. Nxd5 Nxd5 17. Qxd5 dxe5 18. Qxe5 Qxc2 19. Qxe7 Qxb3 20. Bd4 Qd5 21.
Bxb6 Bxa4 22. Rxa4 Qb5 23. Rfa1 Qxb6 24. Qb4 Qf2 25. Qd4 Qe2 26. b3 Rfe8 27. h3
Rad8 28. Qc4 Rd2 29. Qxe2 Rexe2 30. Rxa6 g5 31. R1a5 Rxg2 32. Rxg5+ Rxg5 33.
fxg5 Rd3 34. Kg2 Rxb3 35. h4 Rb2+ 36. Kg3 Rb3+ 37. Kg4 Rb4+ 38. Kg3 Rb3+ 39. Kg4
Rb4+ 40. Kg3 Rb3+ 1/2-1/2

[Event "14th Corsica Masters"]
[Site "Bastia FRA"]
[Date "2010.10.25"]
[Round "2"]
[White "Vajda, Levente"]
[Black "Fressinet, Laurent"]
[Result "0-1"]
[WhiteTitle "GM"]
[BlackTitle "GM"]
[WhiteElo "2499"]
[BlackElo "2718"]
[WhiteFideId "1203975"]
[BlackFideId "608742"]
[EventDate "2010.10.24"]

1. e4 e5 2. Nf3 Nc6 3. Bc4 Nf6 4. d3 Bc5 5. O-O O-O 6. c3 d5 7. exd5 Nxd5 8. h3
Nb6 9. Bb5 Bd6 10. Re1 Ne7 11. d4 exd4 12. Nxd4 Nf5 13. Nxf5 Bxf5 14. Qf3 Bd7
15. Bxd7 Nxd7 16. Be3 Ne5 17. Qe2 Re8 18. Kf1 Ng6 19. Qg4 Bf4 20. Rd1 Qf6 21.
Bxf4 Nxf4 22. Qf3 Rad8 23. Na3 Qa6+ 24. c4 Ne6 25. Rxd8 Rxd8 26. Rd1 Rxd1+ 27.
Qxd1 g6 28. h4 Qa5 29. g3 c6 30. Qe2 h5 31. Qe3 Qb4 32. Qe2 Qa4 33. Qd2 a6 34.
Qd6 b5 35. cxb5 cxb5 36. Qd3 Qb4 37. Qc2 Qd6 38. Nb1 Qd5 39. Qc8+ Kh7 40. Nc3
Qd3+ 41. Kg1 b4 0-1

[Event "14th Corsica Masters"]
[Site "Bastia FRA"]
[Date "2010.10.25"]
[Round "2"]
[White "Dimitrov, Radoslav"]
[Black "David, Alberto"]
[Result "0-1"]
[WhiteTitle "IM"]
[BlackTitle "GM"]
[WhiteElo "2388"]
[BlackElo "2589"]
[WhiteFideId "2908549"]
[BlackFideId "4000013"]
[EventDate "2010.10.24"]

1. c4 e6 2. Nc3 b6 3. d4 Bb4 4. e4 Bb7 5. f3 Ne7 6. Bd3 Nbc6 7. Ne2 Bxc3+ 8.
bxc3 Na5 9. Ng3 Ba6 10. Qe2 d6 11. O-O Qd7 12. Nh5 O-O-O 13. Nxg7 h5 14. f4 Rdg8
15. Nxh5 Qc6 16. d5 exd5 17. exd5 Qd7 18. Ng3 Re8 19. Be3 Kb8 20. Bd4 Ng6 21.
Qf2 Rh4 22. Bxg6 fxg6 23. Ne4 Rxe4 24. Qxh4 Bxc4 25. Rfe1 Bxd5 26. Qg5 Qe6 27.
Kf2 Nc6 28. Rxe4 Bxe4 29. Qb5 Qg4 30. Qg5 Qe6 31. h3 Qc4 32. Qf6 Qa4 33. Kg3 Qc2
34. Bf2 Ne5 35. Re1 Nc4 36. Qd4 Nd2 37. Kh2 d5 38. Re2 Nf1+ 39. Kg1 Qxe2 40. c4
Nd2 0-1

[Event "14th Corsica Masters"]
[Site "Bastia FRA"]
[Date "2010.10.25"]
[Round "2"]
[White "Fedorchuk, Sergey A."]
[Black "Karpatchev, Aleksandr"]
[Result "1-0"]
[WhiteTitle "GM"]
[BlackTitle "GM"]
[WhiteElo "2671"]
[BlackElo "2472"]
[WhiteFideId "14102536"]
[BlackFideId "4117182"]
[EventDate "2010.10.24"]

1. e4 e5 2. Nf3 Nc6 3. Bb5 f5 4. d3 fxe4 5. dxe4 Nf6 6. O-O Bc5 7. Qd3 d6 8. Qc4
Qe7 9. Nc3 Bd7 10. Nd5 Nxd5 11. exd5 Nd4 12. Nxd4 Bxd4 13. Be3 Bxe3 14. fxe3
O-O-O 15. a4 Rhf8 16. b4 Qg5 17. Bxd7+ Kxd7 18. Ra3 Kc8 19. Rc3 Qe7 20. Ra1 Rf7
21. a5 Qd7 22. b5 Kb8 23. h3 Rdf8 24. Qb4 Qd8 25. Qc4 Rf2 26. a6 b6 27. Qc6 Qc8
28. e4 Re2 29. Rf3 Rf4 30. Rxf4 exf4 31. Qc4 Re3 32. Qd4 Qe8 33. Qxg7 Rxe4 34.
Rf1 Qxb5 35. Rxf4 Re8 36. Rf8 Qe2 37. Qh8 Qe3+ 38. Kh1 Qc1+ 39. Kh2 Qf4+ 40.
Rxf4 Rxh8 41. g4 c6 42. Rf7 cxd5 43. Rb7+ Ka8 44. g5 1-0

[Event "14th Corsica Masters"]
[Site "Bastia FRA"]
[Date "2010.10.25"]
[Round "2"]
[White "Balogh, Csaba"]
[Black "Ivanov, Mikhail M"]
[Result "1-0"]
[WhiteTitle "GM"]
[BlackTitle "GM"]
[WhiteElo "2608"]
[BlackElo "2438"]
[WhiteFideId "718939"]
[BlackFideId "4114906"]
[EventDate "2010.10.24"]

1. e4 e5 2. Nf3 Nc6 3. Bb5 a6 4. Ba4 Nf6 5. O-O Be7 6. Re1 b5 7. Bb3 d6 8. c3
O-O 9. d4 Bg4 10. d5 Na5 11. Bc2 c6 12. h3 Bc8 13. dxc6 Qc7 14. Nbd2 Qxc6 15.
Nf1 Nc4 16. Ng3 Re8 17. a4 Rb8 18. Qe2 h6 19. Nh4 b4 20. b3 Na3 21. Bxa3 bxa3
22. c4 Qc5 23. Nhf5 Bd8 24. Red1 Re6 25. Nf1 Kh7 26. Nd2 g6 27. Ne3 Ba5 28. Nd5
Bd7 29. Nb1 Kg7 30. Nxa3 Nh5 31. Nb1 Nf4 32. Qe3 Bc6 33. Nbc3 Bxd5 34. Nxd5 Nxd5
35. Qxc5 dxc5 36. Rxd5 Bc3 37. Rad1 Bd4 38. Kf1 Rf6 39. f3 h5 40. R1xd4 cxd4 41.
Rxe5 Rd6 42. Ke1 d3 43. Bd1 f5 44. Kd2 Kf6 45. Ra5 fxe4 46. fxe4 Re8 47. Bf3 Rb6
48. Kc3 d2 49. Rd5 Reb8 50. Bd1 Re6 51. Bc2 Re5 52. Rxd2 a5 53. Rd6+ Kf7 54. Rd5
Rxd5 55. exd5 Re8 1-0

[Event "14th Corsica Masters"]
[Site "Bastia FRA"]
[Date "2010.10.26"]
[Round "3"]
[White "Van Wely, Loek"]
[Black "Malaniuk, Vladimir P"]
[Result "1/2-1/2"]
[WhiteTitle "GM"]
[BlackTitle "GM"]
[WhiteElo "2679"]
[BlackElo "2527"]
[WhiteFideId "1000268"]
[BlackFideId "14100177"]
[EventDate "2010.10.24"]

1. d4 f5 2. Nf3 Nf6 3. g3 g6 4. Bg2 Bg7 5. b4 c6 6. c4 d5 7. cxd5 cxd5 8. O-O
O-O 9. a4 Ne4 10. Qb3 Nc6 11. e3 Be6 12. Ba3 Bf7 13. b5 Na5 14. Qb4 Re8 15. Nbd2
Bf8 16. Qb2 Qb6 17. Rfc1 Rec8 18. Bf1 Qd8 19. Bb4 Nxd2 20. Nxd2 Be8 21. Qa2 Bf7
22. Qb2 Be8 23. Rc3 Bd7 24. Rac1 e6 25. Nf3 Rxc3 26. Rxc3 Rc8 27. Ne5 Rxc3 28.
Qxc3 Bxb4 29. Qxb4 Be8 30. Qc3 b6 31. h3 Nb7 32. f4 Nd6 33. Bd3 Qc8 34. Qa3 Qc7
35. Kf2 Nf7 36. Nf3 Kg7 37. Ke2 Nd6 38. Kd2 Nf7 39. g4 Qc8 40. gxf5 gxf5 41. Qe7
Qd7 42. Qa3 Qc7 43. Qa1 Kh8 44. Qa3 Kg7 45. Qa1 Kh8 46. Qa3 Kg7 47. Qa1 1/2-1/2

[Event "14th Corsica Masters"]
[Site "Bastia FRA"]
[Date "2010.10.26"]
[Round "3"]
[White "Kurnosov, Igor"]
[Black "Guliyev, Namig"]
[Result "0-1"]
[WhiteTitle "GM"]
[BlackTitle "GM"]
[WhiteElo "2659"]
[BlackElo "2510"]
[WhiteFideId "4142527"]
[BlackFideId "13400363"]
[EventDate "2010.10.24"]

1. e4 e5 2. Nf3 Nf6 3. d4 Nxe4 4. Bd3 d5 5. Nxe5 Nd7 6. Nxd7 Bxd7 7. O-O Bd6 8.
Qh5 Qf6 9. Nc3 Qxd4 10. Nxd5 Bc6 11. Nc3 Nxc3 12. bxc3 Qxc3 13. Bg5 h6 14. Rae1+
Kf8 15. Bc1 Re8 16. Re3 Re5 17. Qh3 Rxe3 18. fxe3 Ke7 19. e4 Rf8 20. Kh1 Kd8 21.
Be3 Bd7 22. Qh4+ f6 23. Qf2 Qe5 24. Qg1 b6 25. Bd4 Qh5 26. Be3 Re8 27. Bf4 Bxf4
28. Rxf4 Qe5 29. Rf3 Qb2 30. Rg3 Re7 31. Qf1 Qxa2 32. e5 Qa5 33. exf6 Re1 34.
fxg7 Rxf1+ 35. Bxf1 Be6 36. g8=Q+ Bxg8 37. Rxg8+ Ke7 38. Rg7+ Kf6 39. Rg3 Qe1
40. Rf3+ Ke7 41. g3 Qe4 42. Bc4 0-1

[Event "14th Corsica Masters"]
[Site "Bastia FRA"]
[Date "2010.10.26"]
[Round "3"]
[White "Bigonnet, Jean-Michel"]
[Black "Meszaros, Tamas"]
[Result "0-1"]
[BlackTitle "IM"]
[WhiteElo "1937"]
[BlackElo "2448"]
[WhiteFideId "659584"]
[BlackFideId "717410"]
[EventDate "2010.10.24"]

1. d4 Nf6 2. Nc3 d5 3. Bg5 c5 4. e3 Nc6 5. Nf3 Bg4 6. Be2 e6 7. O-O Be7 8. Re1
O-O 9. Bf4 Bxf3 10. Bxf3 cxd4 11. exd4 Qb6 12. Rb1 Nxd4 13. Bxd5 Nxd5 14. Nxd5
exd5 15. Rxe7 Qf6 16. Be5 Ne2+ 17. Qxe2 Qxe7 18. Qe1 Rfe8 19. Bc3 Qxe1+ 20. Rxe1
d4 21. Bd2 Rxe1+ 22. Bxe1 Rc8 0-1

[Event "14th Corsica Masters"]
[Site "Bastia FRA"]
[Date "2010.10.26"]
[Round "3"]
[White "Shchekachev, Andrei"]
[Black "Hamdi, Abderrahman"]
[Result "1-0"]
[WhiteTitle "GM"]
[WhiteElo "2527"]
[BlackElo "1812"]
[WhiteFideId "4107730"]
[BlackFideId "659673"]
[EventDate "2010.10.24"]

1. Nf3 d5 2. d4 Nf6 3. c4 c6 4. Nc3 e6 5. g3 dxc4 6. Ne5 Nd5 7. Bg2 Bb4 8. Bd2
O-O 9. Nxc4 c5 10. Nxd5 exd5 11. Bxb4 cxb4 12. Ne3 Be6 13. O-O Nc6 14. Qd2 a5
15. Rac1 Ne7 16. Bf3 Qd7 17. h4 Rac8 18. Kh2 Rc6 19. Rxc6 bxc6 20. Rc1 Ra8 21.
Rc5 g6 22. a3 Qb7 23. Ng2 Kg7 24. Nf4 Bd7 25. e4 dxe4 26. Bxe4 Ra6 27. Re5 Nf5
28. Nh5+ gxh5 29. Qg5+ Kh8 30. Bxf5 Ra8 31. Qf6+ Kg8 32. Bxh7+ 1-0

[Event "14th Corsica Masters"]
[Site "Bastia FRA"]
[Date "2010.10.26"]
[Round "3"]
[White "Fressinet, Laurent"]
[Black "Bluvshtein, Mark"]
[Result "1/2-1/2"]
[WhiteTitle "GM"]
[BlackTitle "GM"]
[WhiteElo "2718"]
[BlackElo "2583"]
[WhiteFideId "608742"]
[BlackFideId "2603608"]
[EventDate "2010.10.24"]

1. d4 Nf6 2. Nf3 e6 3. c4 Bb4+ 4. Nbd2 O-O 5. a3 Be7 6. e3 d5 7. Bd3 b6 8. O-O
Bb7 9. b4 c5 10. bxc5 bxc5 11. Rb1 Qc8 12. cxd5 exd5 13. dxc5 Nbd7 14. Nb3 Nxc5
15. Nxc5 Bxc5 16. Bb2 Ne4 17. Rc1 Qd8 18. Nd4 Rc8 19. Qg4 Qf6 20. Rc2 Qg6 21.
Qd7 Qb6 22. Rfc1 Rfd8 23. Qg4 Bf8 24. h3 Rxc2 25. Rxc2 Rc8 26. Qe2 Rxc2 27. Qxc2
Qa5 28. Qc1 h6 29. Nf3 Ba6 30. Bb1 Qc5 31. Qxc5 Nxc5 32. Bc2 Bd3 33. Nd4 a6 34.
Bc3 Ne4 35. Bb4 Bxb4 36. axb4 Bxc2 37. Nxc2 Kf8 38. Nd4 Ke7 39. f3 Nc3 40. Nc6+
Kd6 41. Nb8 Nd1 42. Nxa6 Nxe3 43. Kf2 Nc2 44. Ke2 Kc6 45. Kd2 Nd4 46. Nc5 Kb5
47. Nd3 f6 48. Kc3 Ne2+ 49. Kd2 Nd4 50. Kc3 Ne2+ 51. Kd2 1/2-1/2

[Event "14th Corsica Masters"]
[Site "Bastia FRA"]
[Date "2010.10.27"]
[Round "5"]
[White "David, Alberto"]
[Black "Meszaros, Tamas"]
[Result "1/2-1/2"]
[WhiteTitle "GM"]
[BlackTitle "IM"]
[WhiteElo "2589"]
[BlackElo "2448"]
[WhiteFideId "4000013"]
[BlackFideId "717410"]
[EventDate "2010.10.24"]

1. d4 Nf6 2. c4 e6 3. g3 d5 4. Nf3 dxc4 5. Bg2 a6 6. Ne5 c5 7. Be3 Nd5 8. dxc5
Nd7 9. Bd4 Nxe5 10. Bxe5 Bxc5 11. Bxg7 Rg8 12. Be5 Qg5 13. f4 Qd8 14. Bxd5 Qxd5
15. Qxd5 exd5 16. Nc3 Be6 17. O-O-O O-O-O 18. Bd4 Bb4 19. Bf6 Rd7 20. Na4 Kc7
21. a3 Bd6 22. Nc3 Rg6 23. Bd4 f5 24. Rd2 b5 25. Rhd1 Kc6 26. e3 Bf7 27. Ne2 Re6
28. Bc3 Bc5 29. Nd4+ Bxd4 30. Bxd4 Bh5 31. Rf1 a5 32. Rc2 a4 33. Kd2 Rde7 34.
Rcc1 Re8 35. Rce1 Bg4 36. Kc3 Rh6 37. Rf2 Rh3 38. Be5 Re6 39. Rc1 Reh6 40. Rcc2
Re6 41. Rc1 Reh6 42. Rcc2 Re6 1/2-1/2

[Event "14th Corsica Masters"]
[Site "Bastia FRA"]
[Date "2010.10.27"]
[Round "5"]
[White "Bokros, Albert"]
[Black "Dimitrov, Pavel"]
[Result "1/2-1/2"]
[WhiteTitle "IM"]
[BlackTitle "IM"]
[WhiteElo "2501"]
[BlackElo "2350"]
[WhiteFideId "710458"]
[BlackFideId "2907470"]
[EventDate "2010.10.24"]

1. e4 e5 2. Nf3 Nc6 3. Bb5 a6 4. Ba4 Nf6 5. O-O b5 6. Bb3 Be7 7. Re1 O-O 8. d3
d6 9. c3 Na5 10. Bc2 c5 11. Nbd2 Nc6 12. Nf1 Re8 13. Ng3 Bf8 14. h3 g6 15. d4
cxd4 16. cxd4 Bg7 17. Be3 Bb7 18. d5 Nb8 19. b4 Nbd7 20. a4 Nb6 21. axb5 Nc4 22.
bxa6 Nxe3 23. Rxe3 Rxa6 24. Rxa6 Bxa6 25. Ba4 Rf8 26. Bc6 Qb6 27. b5 Bb7 28. Ra3
Bh6 29. Qa4 Ra8 30. Qb4 Rxa3 31. Qxa3 Bf4 32. Ne1 Bxg3 33. Qxg3 Nxe4 34. Qe3
Qxe3 35. fxe3 Nc5 36. Kf2 Kf8 37. Ke2 Bc8 38. Nc2 Ke7 39. Na3 Bf5 40. Kd2 Bd3
41. g3 Bf1 42. h4 Na4 43. g4 f6 44. e4 g5 45. hxg5 fxg5 46. Nc2 Bg2 47. Ne3 Bxe4
48. Nc4 Bf3 49. b6 Nc5 50. b7 Na6 51. Ne3 Kd8 52. Nf5 Kc7 53. Ng7 Nb4 54. Ne8+
Kb8 55. Nxd6 Nxc6 56. dxc6 Bxc6 57. Nf7 Bd5 58. Nxg5 h6 59. Nh7 Kxb7 60. Ke3 Kc6
61. g5 h5 62. g6 h4 63. Nf6 h3 64. Nxd5 h2 65. g7 h1=Q 66. g8=Q Qe1+ 67. Kf3
Qh1+ 68. Ke3 Qxd5 69. Qxd5+ Kxd5 70. Kd3 e4+ 71. Ke3 Ke5 72. Ke2 Kd4 73. Kd2 e3+
74. Ke2 Ke4 75. Ke1 Kd3 76. Kd1 e2+ 77. Ke1 Ke3 1/2-1/2

[Event "14th Corsica Masters"]
[Site "Bastia FRA"]
[Date "2010.10.28"]
[Round "6"]
[White "Meszaros, Tamas"]
[Black "Jones, Gawain C B"]
[Result "1/2-1/2"]
[WhiteTitle "IM"]
[BlackTitle "GM"]
[WhiteElo "2448"]
[BlackElo "2576"]
[WhiteFideId "717410"]
[BlackFideId "409561"]
[EventDate "2010.10.24"]

1. e4 c5 2. Nf3 g6 3. d4 cxd4 4. Qxd4 Nf6 5. e5 Nc6 6. Qa4 Nd5 7. Qb3 Nc7 8. Bf4
Ne6 9. Bg3 Qa5+ 10. Nc3 Ned4 11. Nxd4 Nxd4 12. Qd5 Nxc2+ 13. Kd2 Qxd5+ 14. Nxd5
Nxa1 15. Nc7+ Kd8 16. Nxa8 b6 17. Bd3 Bb7 18. Nxb6 axb6 19. f3 Nb3+ 20. axb3
Bh6+ 21. Ke2 Kc7 22. e6+ d6 23. exf7 Rf8 24. h4 Rxf7 25. h5 Bg5 26. hxg6 hxg6
27. Bf2 Bf4 28. Ra1 e5 29. Ra7 d5 30. g3 Bc1 31. Bxg6 Rf6 32. Bd3 Kb8 33. Ra4
Bxb2 34. Rh4 d4 35. Rh8+ Kc7 36. Rh7+ Kb8 37. Rh8+ Ka7 38. Rh7 Kb8 1/2-1/2

[Event "14th Corsica Masters"]
[Site "Bastia FRA"]
[Date "2010.10.28"]
[Round "6"]
[White "Dimitrov, Pavel"]
[Black "Fressinet, Laurent"]
[Result "0-1"]
[WhiteTitle "IM"]
[BlackTitle "GM"]
[WhiteElo "2350"]
[BlackElo "2718"]
[WhiteFideId "2907470"]
[BlackFideId "608742"]
[EventDate "2010.10.24"]

1. e4 e5 2. d4 exd4 3. Nf3 Nc6 4. c3 d5 5. exd5 Qxd5 6. cxd4 Nf6 7. Nc3 Bb4 8.
a3 Bxc3+ 9. bxc3 O-O 10. Be2 Ne4 11. c4 Qa5+ 12. Bd2 Nxd2 13. Qxd2 Re8 14. Ra2
Bg4 15. O-O Rad8 16. d5 Qc5 17. h3 Bxf3 18. Bxf3 Nd4 19. Qd3 Nxf3+ 20. Qxf3 Qxc4
21. Rb2 b6 22. Rd1 g6 23. Rb4 Qe2 24. Qxe2 Rxe2 25. Ra4 a5 26. Rc4 Re7 27. Rc6
Red7 28. Kh2 Rxd5 29. Rxd5 Rxd5 30. Rxc7 a4 31. Rb7 b5 32. Rb8+ Kg7 33. Rb6 Kf8
34. Rb7 Kg7 35. Rb6 g5 36. g4 Kf8 37. Rb7 h6 38. Kg2 Kg7 39. Rb6 Rd3 40. Rxb5
Rxa3 41. Ra5 Kf6 42. Ra6+ Ke5 43. Rxh6 Rb3 44. Rh7 Rb7 45. Rg7 Kf4 46. Rg8 Ra7
47. Re8 a3 48. Re1 a2 49. Ra1 Ra3 50. Kg1 Kf3 51. Kh1 Kxf2 52. Kh2 Ke2 53. Kg2
Kd2 54. Kf2 Kc2 55. Ke2 Kb2 56. Rh1 a1=Q 57. Rxa1 Kxa1 58. Kf2 Kb2 0-1

[Event "14th Corsica Masters"]
[Site "Bastia FRA"]
[Date "2010.10.28"]
[Round "7"]
[White "Vajda, Levente"]
[Black "Balogh, Csaba"]
[Result "1/2-1/2"]
[WhiteTitle "GM"]
[BlackTitle "GM"]
[WhiteElo "2499"]
[BlackElo "2608"]
[WhiteFideId "1203975"]
[BlackFideId "718939"]
[EventDate "2010.10.24"]

1. e4 e5 2. Nf3 Nc6 3. Nc3 Nf6 4. d4 exd4 5. Nxd4 Bb4 6. Nxc6 bxc6 7. Bd3 d5 8.
exd5 cxd5 9. O-O O-O 10. Bg5 c6 11. Qf3 h6 12. Bxf6 Qxf6 13. Qxf6 gxf6 14. Ne2
Bd6 15. Nd4 c5 16. Nf5 Bxf5 17. Bxf5 Rfe8 18. Rad1 d4 19. Rfe1 Re5 20. Bd3 Rae8
21. Rxe5 fxe5 22. Re1 Kg7 23. b3 Rf8 24. g3 f5 25. f3 Kf6 26. Kg2 Re8 27. Bb5
Re7 28. Bd3 Re8 29. Bb5 Re7 30. Bd3 Kg5 31. Re2 Kf6 32. Re1 1/2-1/2